External Rebalancing in Euro Area

Vplyv cyklických a štrukturálnych faktorov na oživení ekonomiky v Eurozóne. Deficit bežného účtu platobných bilancií, vonkajšia nerovnováha a problém prebytku. Vplyv medzinárodnej konkurencieschopnosti Nemecka na ekonomiky iných krajín Eurozóny. Spotreba a invetície domácností.

Salvato in:
Dettagli Bibliografici
Autore principale: Nemec, Marián
Natura: Capitolo di libro
Lingua:inglese
Soggetti:
Tags: Aggiungi Tag
Nessun Tag, puoi essere il primo ad aggiungerne!!

MARC

LEADER 00000naa$a2200000$$$4500
001 0194839
005 20240502073251.4
041 0 |a eng 
044 |a SK 
245 1 0 |a External Rebalancing in Euro Area  |c Marián Nemec 
520 |a Vplyv cyklických a štrukturálnych faktorov na oživení ekonomiky v Eurozóne. Deficit bežného účtu platobných bilancií, vonkajšia nerovnováha a problém prebytku. Vplyv medzinárodnej konkurencieschopnosti Nemecka na ekonomiky iných krajín Eurozóny. Spotreba a invetície domácností. 
610 2 0 |a politika zahraničnohospodárska 
610 2 0 |a konkurencieschopnosť 
610 2 0 |a bilancia platobná 
610 2 0 |a rast hospodársky nerovnovážny 
610 2 0 |a deficit 
610 2 0 |a eurozóna 
610 2 0 |a Nemecko 
100 1 |a Nemec, Marián